[Event "Nordic Championship 2005"]
[Site "Vammala FIN"]
[Date "2005.08.30"]
[Round "7.5"]
[White "Nyback, Tomi"]
[Black "Thorfinnsson, Bragi"]
[Result "1-0"]
[WhiteElo "2571"]
[BlackElo "2448"]
[PlyCount "51"]
[EventDate "2005.08.25"]
[EventType "tourn"]
[EventRounds "11"]
[EventCountry "FIN"]
[EventCategory "7"]
[Source "lmi"]
[SourceDate "2005.09.03"]

1. d4 Nf6 2. c4 e6 3. Nf3 b6 4. g3 Ba6 5. b3 Bb4+ 6. Bd2 Be7 7. Bg2 c6 8. O-O
d5 9. Qc2 Nbd7 10. Rd1 O-O 11. Bf4 Rc8 12. Nc3 Re8 13. e4 dxc4 14. Nd2 c5 15.
d5 e5 16. Bg5 b5 17. bxc4 b4 18. Bxf6 Nxf6 19. Ne2 Qd6 20. Nc1 Rb8 21. a3 Nd7
22. Bh3 bxa3 23. Rxa3 Rb6 24. Nd3 Nb8 25. Rda1 Qc7 26. Nb3 1-0

[Event "Nordic Championship 2005"]
[Site "Vammala FIN"]
[Date "2005.08.30"]
[Round "7.6"]
[White "Sammalvuo, Tapani"]
[Black "Tjomsland, Stig"]
[Result "1-0"]
[WhiteElo "2441"]
[BlackElo "2257"]
[PlyCount "55"]
[EventDate "2005.08.25"]
[EventType "tourn"]
[EventRounds "11"]
[EventCountry "FIN"]
[EventCategory "7"]
[Source "lmi"]
[SourceDate "2005.09.03"]

1. e4 e5 2. Nf3 Nf6 3. Nxe5 d6 4. Nf3 Nxe4 5. d4 d5 6. Bd3 Bd6 7. O-O O-O 8. c4
c6 9. Qc2 Na6 10. a3 Bg4 11. Ne5 Bxe5 12. dxe5 Nac5 13. f3 Nxd3 14. Qxd3 Nc5
15. Qd4 Nb3 16. Qxg4 Nxa1 17. Bh6 g6 18. Nc3 Nc2 19. Rf2 d4 20. Ne4 Ne3 21. Qh3
f5 22. exf6 Qa5 23. Re2 Nf5 24. Ng5 Rf7 25. Nxf7 d3 26. Ne5 Rf8 27. Nxd3 Rd8
28. Re7 1-0

[Event "Nordic Championship 2005"]
[Site "Vammala FIN"]
[Date "2005.08.31"]
[Round "8.1"]
[White "Pedersen, Nicolai Vesterbaek"]
[Black "Lie, Espen"]
[Result "1/2-1/2"]
[WhiteElo "2488"]
[BlackElo "2300"]
[PlyCount "92"]
[EventDate "2005.08.25"]
[EventType "tourn"]
[EventRounds "11"]
[EventCountry "FIN"]
[EventCategory "7"]
[Source "lmi"]
[SourceDate "2005.09.03"]

1. Nf3 Nf6 2. g3 c5 3. Bg2 Nc6 4. O-O d5 5. d3 g6 6. Nbd2 Bg7 7. e4 O-O 8. Re1
e5 9. exd5 Nxd5 10. Nc4 f6 11. Nfd2 Bf5 12. Ne4 Bxe4 13. dxe4 Nc7 14. Ne3 Qxd1
15. Rxd1 Rfd8 16. Bd2 Bf8 17. c3 Rab8 18. Nd5 Nxd5 19. exd5 Ne7 20. f4 e4 21.
Bxe4 f5 22. Bf3 Nxd5 23. Be1 Nf6 24. Rxd8 Rxd8 25. a4 b6 26. a5 Kf7 27. b4 cxb4
28. cxb4 Rd4 29. Bf2 Rxb4 30. Bxb6 axb6 31. a6 Bc5+ 32. Kf1 b5 33. a7 Bxa7 34.
Rxa7+ Ke6 35. Ra6+ Kf7 36. Ra7+ Kg8 37. Ra8+ Kg7 38. Ra7+ Kg8 39. Ra8+ Kg7 40.
Ra7+ Kh6 41. h3 Ne4 42. Bxe4 Rxe4 43. Rb7 b4 44. Kf2 Rc4 45. Kf3 Rc3+ 46. Kg2
Rc2+ 1/2-1/2

[Event "Nordic Championship 2005"]
[Site "Vammala FIN"]
[Date "2005.08.31"]
[Round "8.2"]
[White "Olsen, Heini"]
[Black "Agrest, Evgenij"]
[Result "0-1"]
[WhiteElo "2325"]
[BlackElo "2592"]
[PlyCount "88"]
[EventDate "2005.08.25"]
[EventType "tourn"]
[EventRounds "11"]
[EventCountry "FIN"]
[EventCategory "7"]
[Source "lmi"]
[SourceDate "2005.09.03"]

1. d4 Nf6 2. c4 e6 3. Nf3 b6 4. g3 Ba6 5. Qa4 Be7 6. Bg2 c6 7. Nc3 O-O 8. O-O
d5 9. cxd5 cxd5 10. Bf4 Qe8 11. Qc2 Nc6 12. Rfc1 Rc8 13. Qd1 h6 14. a4 Na5 15.
Ne5 Nd7 16. Nd3 Bxd3 17. exd3 a6 18. Rab1 Nc6 19. Be3 Bf6 20. Qg4 Kh8 21. Nxd5
exd5 22. Bxd5 Ne7 23. Bb7 Rxc1+ 24. Rxc1 Qd8 25. Bxa6 Nb8 26. Bb7 Qd6 27. Rc4
Nd5 28. Bxh6 gxh6 29. Qh5 Bg5 30. h4 Nf6 31. Qe2 Re8 32. Be4 Bxh4 33. gxh4 Qf4
34. Qf3 Qxh4 35. Rc7 Nbd7 36. Kf1 Qg5 37. Bf5 Re7 38. d5 Ne5 39. Rc8+ Kg7 40.
Qg2 Qxg2+ 41. Kxg2 Nxd5 42. Rb8 Ra7 43. b3 Nc6 44. Re8 Nf6 0-1

[Event "Nordic Championship 2005"]
[Site "Vammala FIN"]
[Date "2005.08.31"]
[Round "8.3"]
[White "Lehtinen, Heikki"]
[Black "Hillarp Persson, Tiger"]
[Result "0-1"]
[WhiteElo "2402"]
[BlackElo "2511"]
[PlyCount "124"]
[EventDate "2005.08.25"]
[EventType "tourn"]
[EventRounds "11"]
[EventCountry "FIN"]
[EventCategory "7"]
[Source "lmi"]
[SourceDate "2005.09.03"]

1. c4 Nf6 2. Nc3 c5 3. e4 Nc6 4. g3 a6 5. Bg2 Rb8 6. a4 g5 7. Nge2 e5 8. d3 Rg8
9. Bh3 g4 10. Bg2 d6 11. Nd5 Nxd5 12. cxd5 Ne7 13. f4 gxf3 14. Bxf3 Bh3 15. Nc3
Qd7 16. Qe2 Kd8 17. Nd1 f5 18. Nf2 Bg4 19. Bxg4 fxg4 20. Bd2 h5 21. h3 gxh3 22.
Rxh3 h4 23. Rxh4 Rxg3 24. Rg4 Rxg4 25. Qxg4 Kc7 26. Ke2 Qxg4+ 27. Nxg4 Bg7 28.
Rh1 Rh8 29. Rxh8 Bxh8 30. Bh6 Kd7 31. a5 Ng8 32. Bg5 Bg7 33. Kf3 Bf8 34. Ne3
Ne7 35. Kg4 Nc8 36. Nc4 Ke8 37. Kf5 Kf7 38. Be3 Ne7+ 39. Kg5 Ng6 40. Kf5 Ne7+
41. Kg5 Nc8 42. Bxc5 dxc5 43. Nxe5+ Ke8 44. Kf6 Nd6 45. b3 Be7+ 46. Ke6 Nb5 47.
Nf3 Bf8 48. Kf6 Be7+ 49. Ke6 Kd8 50. Kf7 Bd6 51. e5 Bc7 52. d6 Bxd6 53. exd6
Kd7 54. Kf6 Kxd6 55. Kf5 Kd5 56. Kf4 Nd4 57. Nd2 Nc6 58. Nc4 Kd4 59. Kf5 Kxd3
60. Ke6 Kc3 61. Kd6 Kb4 62. Kc7 Nxa5 0-1

[Event "Nordic Championship 2005"]
[Site "Vammala FIN"]
[Date "2005.08.31"]
[Round "8.6"]
[White "Hardarson, Robert"]
[Black "Sammalvuo, Tapani"]
[Result "1/2-1/2"]
[WhiteElo "2361"]
[BlackElo "2441"]
[PlyCount "38"]
[EventDate "2005.08.25"]
[EventType "tourn"]
[EventRounds "11"]
[EventCountry "FIN"]
[EventCategory "7"]
[Source "lmi"]
[SourceDate "2005.09.03"]

1. e4 e5 2. Nf3 Nf6 3. Nxe5 d6 4. Nf3 Nxe4 5. Qe2 Qe7 6. d3 Nf6 7. Bg5 Nbd7 8.
Nbd2 Qxe2+ 9. Bxe2 h6 10. Be3 Nd5 11. O-O-O Nxe3 12. fxe3 d5 13. e4 dxe4 14.
Nxe4 Nc5 15. Nxc5 Bxc5 16. d4 Bd6 17. Bc4 O-O 18. Rde1 Bd7 19. Ne5 Bxe5 1/2-1/2

[Event "Nordic Championship 2005"]
[Site "Vammala FIN"]
[Date "2005.09.01"]
[Round "9.2"]
[White "Lie, Espen"]
[Black "Olsen, Heini"]
[Result "1-0"]
[WhiteElo "2300"]
[BlackElo "2325"]
[PlyCount "69"]
[EventDate "2005.08.25"]
[EventType "tourn"]
[EventRounds "11"]
[EventCountry "FIN"]
[EventCategory "7"]
[Source "lmi"]
[SourceDate "2005.09.03"]

1. e4 e5 2. Nf3 Nc6 3. d4 exd4 4. Bc4 Nf6 5. e5 d5 6. Bb5 Ne4 7. Nxd4 Bd7 8.
Bxc6 bxc6 9. O-O Bc5 10. f3 Ng5 11. Be3 Bb6 12. f4 Ne4 13. Nd2 Nxd2 14. Qxd2 c5
15. Nf3 d4 16. Bf2 Bc6 17. Bh4 Qd7 18. Rae1 O-O 19. f5 Qxf5 20. Nxd4 Qd7 21.
Nf3 Qg4 22. h3 Qh5 23. Qf4 Rae8 24. c4 Ba5 25. Re2 f6 26. e6 g5 27. Qf5 Bxf3
28. Rxf3 Qxh4 29. Re4 Qh5 30. e7 Rf7 31. Qd7 Rg7 32. Rxf6 h6 33. Rf8+ Kh7 34.
Rxe8 Bd2 35. Qf5+ 1-0

[Event "Nordic Championship 2005"]
[Site "Vammala FIN"]
[Date "2005.09.01"]
[Round "9.3"]
[White "Agrest, Evgenij"]
[Black "Lehtinen, Heikki"]
[Result "1-0"]
[WhiteElo "2592"]
[BlackElo "2402"]
[PlyCount "139"]
[EventDate "2005.08.25"]
[EventType "tourn"]
[EventRounds "11"]
[EventCountry "FIN"]
[EventCategory "7"]
[Source "lmi"]
[SourceDate "2005.09.03"]

1. d4 d6 2. Nf3 g6 3. c4 Bg7 4. Nc3 e5 5. e4 exd4 6. Nxd4 Ne7 7. Be3 Nbc6 8.
Nxc6 Nxc6 9. Qd2 Be6 10. Be2 Qd7 11. O-O O-O 12. Rad1 Rad8 13. Bh6 Nd4 14. Bxg7
Nxe2+ 15. Nxe2 Kxg7 16. Nf4 Kg8 17. b3 a6 18. Rfe1 Qe7 19. Re3 Qg5 20. Rg3 Qe5
21. Re1 Rde8 22. h4 f6 23. Nd3 Qh5 24. Qf4 Bd7 25. Rge3 Rf7 26. Qg3 Qg4 27. Qh2
Bc6 28. f3 Qh5 29. b4 Qh6 30. Kf2 Rfe7 31. Qf4 Qxf4 32. Nxf4 Kg7 33. Rb1 b6 34.
Rc3 Ra8 35. c5 dxc5 36. bxc5 b5 37. Rd1 b4 38. Rcc1 a5 39. Ne2 Be8 40. Nd4 Bf7
41. Rd2 Ree8 42. g4 h6 43. Ke3 Kf8 44. Rcd1 Re5 45. Rc1 Ree8 46. Nb5 Re7 47. a4
Ke8 48. c6 Rd8 49. Rd4 Bb3 50. Ra1 Rb8 51. Rd2 Rb6 52. Nd4 Bf7 53. Rc1 Kf8 54.
Rb2 Be8 55. f4 Bf7 56. Rc5 Ra6 57. Rbc2 Ra8 58. e5 g5 59. hxg5 hxg5 60. Nf5
gxf4+ 61. Kxf4 fxe5+ 62. Rxe5 Rxe5 63. Kxe5 Re8+ 64. Kd4 Rd8+ 65. Ke5 b3 66.
Rf2 Rb8 67. Nh6 b2 68. Rxf7+ Ke8 69. Ke6 Kd8 70. Re7 1-0

[Event "Nordic Championship 2005"]
[Site "Vammala FIN"]
[Date "2005.09.01"]
[Round "9.4"]
[White "Hillarp Persson, Tiger"]
[Black "Thorfinnsson, Bragi"]
[Result "1-0"]
[WhiteElo "2511"]
[BlackElo "2448"]
[PlyCount "65"]
[EventDate "2005.08.25"]
[EventType "tourn"]
[EventRounds "11"]
[EventCountry "FIN"]
[EventCategory "7"]
[Source "lmi"]
[SourceDate "2005.09.03"]

1. d4 d5 2. c4 c6 3. Nc3 Nf6 4. e3 Bf5 5. cxd5 cxd5 6. Qb3 Bc8 7. Bb5+ Nc6 8.
Nf3 e6 9. Bd2 Bd6 10. O-O Bd7 11. Na4 O-O 12. Rfc1 Rb8 13. Nc5 Bxc5 14. Rxc5
Ne4 15. Rc2 Nxd2 16. Nxd2 Qa5 17. Bxc6 Bxc6 18. Rac1 Qa6 19. Rc3 Rfc8 20. Qb4
Qb6 21. Qxb6 axb6 22. Nb1 f6 23. f3 e5 24. Rd1 Ra8 25. a3 Kf7 26. Kf2 Ke6 27.
Rb3 Ra6 28. Nc3 Rd8 29. Rb4 Rd6 30. dxe5 fxe5 31. f4 e4 32. g4 Be8 33. Rbd4 1-0

[Event "Nordic Championship 2005"]
[Site "Vammala FIN"]
[Date "2005.09.01"]
[Round "9.5"]
[White "Simonsen, Hans Kristian"]
[Black "Tjomsland, Stig"]
[Result "0-1"]
[WhiteElo "2305"]
[BlackElo "2257"]
[PlyCount "64"]
[EventDate "2005.08.25"]
[EventType "tourn"]
[EventRounds "11"]
[EventCountry "FIN"]
[EventCategory "7"]
[Source "lmi"]
[SourceDate "2005.09.03"]

1. c4 Nf6 2. Nc3 g6 3. e4 d6 4. Nge2 Bg7 5. g3 O-O 6. Bg2 e5 7. O-O c6 8. d4
Nbd7 9. h3 Re8 10. d5 Qc7 11. Be3 a5 12. Qd2 Nc5 13. Rfc1 Bd7 14. dxc6 Bxc6 15.
Nd5 Nxd5 16. cxd5 Bb5 17. Nc3 Ba6 18. Na4 b6 19. a3 Bb5 20. Nxc5 bxc5 21. b4
axb4 22. axb4 c4 23. Ra5 Rab8 24. Bf1 Rec8 25. Qa2 Qd7 26. Ra7 Rb7 27. Rxb7
Qxb7 28. Bxc4 Bd7 29. Qa7 Qxa7 30. Bxa7 Bb5 31. Bc5 Bxc4 32. Rxc4 Bf8 0-1

[Event "Nordic Championship 2005"]
[Site "Vammala FIN"]
[Date "2005.09.01"]
[Round "9.6"]
[White "Nyback, Tomi"]
[Black "Hardarson, Robert"]
[Result "1-0"]
[WhiteElo "2571"]
[BlackElo "2361"]
[PlyCount "105"]
[EventDate "2005.08.25"]
[EventType "tourn"]
[EventRounds "11"]
[EventCountry "FIN"]
[EventCategory "7"]
[Source "lmi"]
[SourceDate "2005.09.03"]

1. Nf3 Nf6 2. c4 g6 3. Nc3 Bg7 4. e4 d6 5. d4 c5 6. Be2 cxd4 7. Nxd4 O-O 8. O-O
Nc6 9. Be3 Nxd4 10. Bxd4 b6 11. Qd2 Bb7 12. f3 Rc8 13. Rac1 Qc7 14. Rfd1 Qb8
15. Bf1 Rfe8 16. Be3 Nd7 17. Kh1 Nc5 18. Bg5 Ne6 19. Bh4 Nc7 20. b3 h6 21. Bf2
Kh7 22. Be3 Qa8 23. Qf2 Bc6 24. Qh4 Qb7 25. g4 Ne6 26. Nd5 g5 27. Qh5 Kg8 28.
h4 f6 29. Bg2 Rf8 30. hxg5 fxg5 31. Qg6 Nd8 32. Bd4 e5 33. Bb2 Qd7 34. Ne3 Rf6
35. Qh5 Qb7 36. Nf5 Bf8 37. Ba3 Nf7 38. Rd2 b5 39. Bf1 b4 40. Bb2 Be8 41. c5
dxc5 42. Bc4 Kh7 43. Qh2 Bb5 44. Bxe5 Ra6 45. Rcd1 Bxc4 46. bxc4 Qc6 47. Bd6
Kg8 48. Qh5 Qe8 49. Qg6+ Kh8 50. Be5+ Nxe5 51. Qxa6 Bg7 52. Qxa7 Bf6 53. Nd6
1-0

[Event "Nordic Championship 2005"]
[Site "Vammala FIN"]
[Date "2005.09.02"]
[Round "10.4"]
[White "Tjomsland, Stig"]
[Black "Hillarp Persson, Tiger"]
[Result "1-0"]
[WhiteElo "2257"]
[BlackElo "2511"]
[PlyCount "78"]
[EventDate "2005.08.25"]
[EventType "tourn"]
[EventRounds "11"]
[EventCountry "FIN"]
[EventCategory "7"]
[Source "lmi"]
[SourceDate "2005.09.03"]

1. d4 g6 2. c4 Bg7 3. Nf3 Nf6 4. Nc3 O-O 5. e4 d6 6. Be2 e5 7. O-O Nc6 8. Be3
Ng4 9. Bg5 f6 10. Bc1 Kh8 11. dxe5 dxe5 12. h3 Nh6 13. Qd5 Qe8 14. Be3 Nd8 15.
Qd2 Nhf7 16. Rfd1 Ne6 17. Qc2 c6 18. c5 Qe7 19. Rac1 Nc7 20. Re1 f5 21. exf5
gxf5 22. Bc4 e4 23. Bf4 Ne6 24. Nxe4 fxe4 25. Qxe4 Qf6 26. Bd3 Qg6 27. Qe3 Qh5
28. Rc4 Bd7 29. Bg3 Bf6 30. Bh4 Neg5 31. Nxg5 Nxg5 32. Qg3 Rf7 33. Rf4 Rg8 34.
Kf1 Ne6 35. Bxf6+ Rxf6 36. Qxg8+ Kxg8 37. Rxf6 Qd5 38. Rd1 Kg7 39. Rf5 Qxa2 1-0

[Event "Nordic Championship 2005"]
[Site "Vammala FIN"]
[Date "2005.09.02"]
[Round "10.5"]
[White "Hardarson, Robert"]
[Black "Simonsen, Hans Kristian"]
[Result "1-0"]
[WhiteElo "2361"]
[BlackElo "2305"]
[PlyCount "77"]
[EventDate "2005.08.25"]
[EventType "tourn"]
[EventRounds "11"]
[EventCountry "FIN"]
[EventCategory "7"]
[Source "lmi"]
[SourceDate "2005.09.03"]

1. e4 e6 2. d4 d5 3. Nd2 Nf6 4. e5 Nfd7 5. Bd3 c5 6. c3 Nc6 7. Ngf3 Be7 8. O-O
g5 9. dxc5 Nxc5 10. Bc2 g4 11. Nd4 Nxe5 12. f4 Ned3 13. b4 Nxc1 14. bxc5 Nxa2
15. Rxa2 Bxc5 16. N2b3 Bb6 17. Qxg4 Qf6 18. Qe2 Kf8 19. Bd3 Bd7 20. Bb5 Bxb5
21. Qxb5 Rc8 22. Kh1 Kg7 23. Qd3 Rc4 24. Nd2 Rc5 25. Ne2 Rhc8 26. Nf3 Ba5 27.
Ne5 R8c7 28. Qg3+ Kh8 29. Ng4 Qg7 30. f5 Bxc3 31. Rxa7 h5 32. Ra8+ Kh7 33. fxe6
f5 34. Ne3 Qxg3 35. hxg3 Re7 36. Nxc3 d4 37. Nxf5 Rxe6 38. Nxd4 Re3 39. Nce2
1-0

[Event "Nordic Championship 2005"]
[Site "Vammala FIN"]
[Date "2005.09.02"]
[Round "10.6"]
[White "Sammalvuo, Tapani"]
[Black "Nyback, Tomi"]
[Result "1-0"]
[WhiteElo "2441"]
[BlackElo "2571"]
[PlyCount "93"]
[EventDate "2005.08.25"]
[EventType "tourn"]
[EventRounds "11"]
[EventCountry "FIN"]
[EventCategory "7"]
[Source "lmi"]
[SourceDate "2005.09.03"]

1. e4 c5 2. Nf3 e6 3. d4 cxd4 4. Nxd4 a6 5. Nc3 b5 6. Bd3 Bc5 7. Nb3 Bb6 8. Bf4
Nc6 9. Bd6 Bc7 10. Bxc7 Qxc7 11. Qg4 g6 12. Qh4 d6 13. O-O-O Qe7 14. Qf4 Nf6
15. Be2 Bb7 16. Rd2 Rd8 17. Rhd1 Ne5 18. Nc5 Bc8 19. a4 bxa4 20. N5xa4 O-O 21.
h4 h5 22. Qg5 Nc6 23. Qg3 e5 24. Nb6 Be6 25. Nbd5 Bxd5 26. Nxd5 Nxd5 27. Rxd5
Kh7 28. c3 Qc7 29. Kb1 Ne7 30. R5d2 a5 31. f4 d5 32. fxe5 dxe4 33. Rxd8 Rxd8
34. Rxd8 Qxd8 35. Qf4 Qd5 36. c4 Qe6 37. Qxe4 f6 38. c5 fxe5 39. Bxh5 Qc8 40.
Qxe5 Qd7 41. Be2 Nf5 42. h5 Qd2 43. hxg6+ Kxg6 44. Bh5+ Kg5 45. Be2 Kg6 46. Qe4
Kf6 47. Qd3 1-0

[Event "Nordic Championship 2005"]
[Site "Vammala FIN"]
[Date "2005.09.03"]
[Round "11.1"]
[White "Nyback, Tomi"]
[Black "Pedersen, Nicolai Vesterbaek"]
[Result "0-1"]
[WhiteElo "2571"]
[BlackElo "2488"]
[PlyCount "86"]
[EventDate "2005.08.25"]
[EventType "tourn"]
[EventRounds "11"]
[EventCountry "FIN"]
[EventCategory "7"]
[Source "lmi"]
[SourceDate "2005.09.03"]

1. d4 Nf6 2. c4 e6 3. Nf3 b6 4. g3 Ba6 5. b3 Bb4+ 6. Bd2 Be7 7. Bg2 c6 8. O-O
d5 9. Qc2 Nbd7 10. Rd1 O-O 11. Bf4 Rc8 12. Nc3 h6 13. e4 dxc4 14. h3 Re8 15.
Nd2 b5 16. bxc4 bxc4 17. Rab1 Qa5 18. Na4 c5 19. d5 exd5 20. e5 Bf8 21. exf6
Nxf6 22. g4 g5 23. Bg3 Bg7 24. Bf3 Bb5 25. Nc3 Bc6 26. Nxd5 Nxd5 27. Nxc4 Qc3
28. Qb3 Ba4 29. Qxa4 Qxf3 30. Rxd5 Qxd5 31. Nd6 Red8 32. Nxc8 Rxc8 33. Qa6 Re8
34. Rc1 Bd4 35. Qxh6 Re6 36. Qh5 Kg7 37. h4 Qf3 38. Kh2 Bxf2 39. Qxg5+ Rg6 40.
Qe5+ Kg8 41. Qe8+ Kh7 42. Be5 Rg8 43. Rc3 Bg1+ 0-1

[Event "Nordic Championship 2005"]
[Site "Vammala FIN"]
[Date "2005.09.03"]
[Round "11.2"]
[White "Olsen, Heini"]
[Black "Lehtinen, Heikki"]
[Result "1-0"]
[WhiteElo "2325"]
[BlackElo "2402"]
[PlyCount "79"]
[EventDate "2005.08.25"]
[EventType "tourn"]
[EventRounds "11"]
[EventCountry "FIN"]
[EventCategory "7"]
[Source "lmi"]
[SourceDate "2005.09.03"]

1. Nf3 g6 2. d4 Bg7 3. g3 d6 4. Bg2 Nd7 5. O-O e5 6. Nc3 Ngf6 7. e4 O-O 8. h3
c6 9. Re1 b5 10. a4 b4 11. dxe5 dxe5 12. Nb1 a5 13. Nbd2 Ba6 14. b3 Nb6 15. Bb2
Nfd7 16. Nf1 Qc7 17. Qd2 Rfd8 18. Rad1 Nc5 19. Qe3 Qe7 20. N3h2 h5 21. h4 Nbd7
22. Nf3 Qf8 23. Qc1 Bh6 24. Qa1 f6 25. Bc1 Bxc1 26. Qxc1 Kg7 27. Qe3 Qe7 28.
N1d2 Ne6 29. Bf1 Bxf1 30. Kxf1 c5 31. Nc4 Nd4 32. Rd2 Qe6 33. Kg2 Nb6 34. Nxb6
Qxb6 35. Red1 Nxc2 36. Rd7+ Rxd7 37. Rxd7+ Kf8 38. Qh6+ Ke8 39. Qh7 Qe6 40. Rg7
1-0

[Event "Nordic Championship 2005"]
[Site "Vammala FIN"]
[Date "2005.09.03"]
[Round "11.5"]
[White "Hillarp Persson, Tiger"]
[Black "Hardarson, Robert"]
[Result "1-0"]
[WhiteElo "2511"]
[BlackElo "2361"]
[PlyCount "115"]
[EventDate "2005.08.25"]
[EventType "tourn"]
[EventRounds "11"]
[EventCountry "FIN"]
[EventCategory "7"]
[Source "lmi"]
[SourceDate "2005.09.03"]

1. c4 c5 2. Nc3 Nc6 3. Nf3 g6 4. e3 Bg7 5. d4 cxd4 6. exd4 Nf6 7. d5 Nb8 8. Be2
d6 9. Nd4 O-O 10. Be3 Nbd7 11. O-O Nc5 12. Bf3 a5 13. h3 Bd7 14. b3 Rc8 15. a3
Qc7 16. Rc1 Qb8 17. b4 Na6 18. Qb3 axb4 19. axb4 Ne8 20. Na4 b5 21. Nxb5 Bxb5
22. Nb6 Bxc4 23. Rxc4 Rxc4 24. Qxc4 Qb7 25. Rb1 Nf6 26. Qc6 Rb8 27. b5 Nc7 28.
Nd7 Qxc6 29. Nxf6+ Bxf6 30. dxc6 Rxb5 31. Rxb5 Nxb5 32. Bb6 d5 33. Be2 Nd6 34.
Ba6 Ne8 35. c7 Nxc7 36. Bxc7 e6 37. Kf1 Bd4 38. f4 Bc5 39. Be5 Bb6 40. Ke2 Bc5
41. Kd3 Be7 42. Kd4 Bf8 43. Be2 Be7 44. Kc3 Bc5 45. Kb3 Be7 46. Ka4 Bc5 47. Kb5
Be7 48. Kc6 Bf8 49. Kd7 Bc5 50. Ke8 Bb4 51. Bf3 Bc5 52. f5 h5 53. f6 Be3 54.
Be2 Bd2 55. Bd3 Bb4 56. Bxg6 fxg6 57. f7+ Kh7 58. Bf6 1-0

[Event "Nordic Championship 2005"]
[Site "Vammala FIN"]
[Date "2005.09.03"]
[Round "11.6"]
[White "Simonsen, Hans Kristian"]
[Black "Sammalvuo, Tapani"]
[Result "0-1"]
[WhiteElo "2305"]
[BlackElo "2441"]
[PlyCount "49"]
[EventDate "2005.08.25"]
[EventType "tourn"]
[EventRounds "11"]
[EventCountry "FIN"]
[EventCategory "7"]
[Source "lmi"]
[SourceDate "2005.09.03"]

1. Nf3 Nf6 2. c4 e6 3. Nc3 Bb4 4. Qc2 O-O 5. a3 Bxc3 6. Qxc3 b6 7. g3 Bb7 8.
Bg2 d5 9. d3 d4 10. Qc2 e5 11. O-O Nbd7 12. b4 c5 13. bxc5 bxc5 14. Bg5 Re8 15.
Rab1 Bc6 16. Nd2 Qc7 17. Bxf6 Nxf6 18. Rb5 Bxb5 19. cxb5 Rac8 20. Rc1 Red8 21.
Bc6 Nd5 22. Nb3 Nc3 23. Nxc5 Qe7 24. Nb7 Qxa3 25. Qd1 0-1

[Event "Nordic Championship 2005 women"]
[Site "Vammala FIN"]
[Date "2005.08.25"]
[Round "2.1"]
[White "Piarnpuu, Leili"]
[Black "Agrest, Svetlana"]
[Result "1/2-1/2"]
[WhiteElo "2186"]
[BlackElo "2270"]
[PlyCount "35"]
[EventDate "2005.08.25"]
[EventType "swiss"]
[EventRounds "9"]
[EventCountry "FIN"]
[Source "lmi"]
[SourceDate "2005.09.03"]

1. d4 d6 2. Nf3 f5 3. g3 Nf6 4. Bg2 g6 5. b3 Bg7 6. Bb2 O-O 7. O-O c6 8. Nbd2
Qe8 9. c4 Na6 10. Qc2 Nc7 11. e4 fxe4 12. Nxe4 Bf5 13. Nh4 Nxe4 14. Bxe4 Bxe4
15. Qxe4 Qf7 16. Rae1 Rfe8 17. f4 d5 18. Qe2 1/2-1/2

[Event "Nordic Championship 2005 women"]
[Site "Vammala FIN"]
[Date "2005.08.25"]
[Round "2.3"]
[White "Ptacnikova, Lenka"]
[Black "Bashkite, Viktoria"]
[Result "1/2-1/2"]
[WhiteElo "2204"]
[BlackElo "2173"]
[PlyCount "68"]
[EventDate "2005.08.25"]
[EventType "swiss"]
[EventRounds "9"]
[EventCountry "FIN"]
[Source "lmi"]
[SourceDate "2005.09.03"]

1. e4 e6 2. d4 d5 3. Nd2 dxe4 4. Nxe4 Nd7 5. Nf3 Be7 6. Bd3 Ngf6 7. Nxf6+ Bxf6
8. O-O c5 9. c3 cxd4 10. Nxd4 O-O 11. Nb5 Ne5 12. Be2 Bd7 13. Be3 Bxb5 14. Bxb5
a6 15. Qxd8 Rfxd8 16. Be2 Rac8 17. Rad1 Nc4 18. Rxd8+ Bxd8 19. Bc1 b5 20. Rd1
Be7 21. Kf1 Kf8 22. Bf3 a5 23. Be2 f5 24. Rd7 Ke8 25. Rb7 b4 26. Bxc4 Rxc4 27.
Bd2 bxc3 28. Bxc3 Bf6 29. Bxf6 gxf6 30. Ke2 Rc2+ 31. Ke3 e5 32. g3 h5 33. a3 a4
34. Kf3 Kf8 1/2-1/2

[Event "Nordic Championship 2005 women"]
[Site "Vammala FIN"]
[Date "2005.08.25"]
[Round "2.4"]
[White "Paasikangas-Tella, Johanna"]
[Black "Vovk, Oksana"]
[Result "0-1"]
[WhiteElo "2307"]
[BlackElo "2125"]
[PlyCount "116"]
[EventDate "2005.08.25"]
[EventType "swiss"]
[EventRounds "9"]
[EventCountry "FIN"]
[Source "lmi"]
[SourceDate "2005.09.03"]

1. d4 e6 2. Nf3 c5 3. e3 Nf6 4. Bd3 b6 5. O-O Bb7 6. b3 Be7 7. Bb2 O-O 8. Nbd2
d5 9. Rc1 Nbd7 10. Ne5 Ne4 11. Nxd7 Qxd7 12. dxc5 Nxd2 13. Qxd2 Bxc5 14. c4
Rfd8 15. Qc2 dxc4 16. Bxh7+ Kh8 17. Qc3 Bf8 18. Bb1 cxb3 19. Qc4 f5 20. axb3
Rac8 21. Qh4+ Kg8 22. Rxc8 Rxc8 23. Qd4 Qxd4 24. Bxd4 Bd5 25. g4 fxg4 26. Bd3
Bxb3 27. Ra1 Rc7 28. Be5 Rd7 29. Be2 a5 30. Bxg4 a4 31. Rb1 Kf7 32. Kg2 Rd2 33.
Bf3 Bc5 34. Kg3 Bc4 35. Be4 Be2 36. Kf4 Bc4 37. Kf3 Be2+ 38. Kf4 Rd1 39. Rb2
Bc4 40. Bc2 Ra1 41. Rxb6 Bxb6 42. Bxa1 a3 43. f3 Bc7+ 44. Kg4 Bxh2 45. Bb1 Bg1
46. e4 Be3 47. f4 Be2+ 48. Kg3 g5 49. fxg5 Bxg5 50. Ba2 Bc1 51. Bb1 Ke7 52. Kf2
Bc4 53. Ke1 a2 54. Bc2 Kd6 55. e5+ Kd5 56. Bd1 Be3 57. Bg4 Bd4 58. Bxe6+ Kxe5
0-1

[Event "Nordic Championship 2005 women"]
[Site "Vammala FIN"]
[Date "2005.08.25"]
[Round "2.5"]
[White "Laesson, Tuulikki"]
[Black "Hagesaether, Ellen"]
[Result "1/2-1/2"]
[WhiteElo "2228"]
[BlackElo "2190"]
[PlyCount "79"]
[EventDate "2005.08.25"]
[EventType "swiss"]
[EventRounds "9"]
[EventCountry "FIN"]
[Source "lmi"]
[SourceDate "2005.09.03"]

1. e4 d6 2. Bc4 Nf6 3. Qe2 g6 4. Nf3 Bg7 5. d4 Nc6 6. h3 O-O 7. O-O Nd7 8. c3
Nb6 9. Bb3 e5 10. dxe5 dxe5 11. Be3 Qe7 12. Nbd2 h6 13. a4 Kh8 14. a5 Nd7 15.
Bd5 Nd8 16. a6 c6 17. axb7 Bxb7 18. Bc4 Nb6 19. Ba6 Ne6 20. Bxb7 Qxb7 21. b4
Nf4 22. Bxf4 exf4 23. Nd4 Rfe8 24. Qg4 Qc7 25. Ra5 Rad8 26. Rfa1 Nc8 27. Qh4
Kg8 28. Rc5 Bxd4 29. cxd4 Rxd4 30. Nf3 Rdxe4 31. Qxh6 Qd6 32. Rac1 Qf8 33.
Qxf8+ Kxf8 34. Rxc6 Ne7 35. Rc7 a6 36. Ra7 Rxb4 37. Rxa6 Reb8 38. Ra7 Rb1 39.
Ra1 Ra8 40. Ne1 1/2-1/2

[Event "Nordic Championship 2005 women"]
[Site "Vammala FIN"]
[Date "2005.08.26"]
[Round "3.1"]
[White "Agrest, Svetlana"]
[Black "Walta, Paivi"]
[Result "1-0"]
[WhiteElo "2270"]
[BlackElo "1826"]
[PlyCount "83"]
[EventDate "2005.08.25"]
[EventType "swiss"]
[EventRounds "9"]
[EventCountry "FIN"]
[Source "lmi"]
[SourceDate "2005.09.03"]

1. e4 c5 2. Nf3 g6 3. c3 Bg7 4. d4 cxd4 5. cxd4 d5 6. e5 Bg4 7. Be2 Bxf3 8.
Bxf3 e6 9. Nc3 Ne7 10. Be3 O-O 11. O-O Nbc6 12. Qd2 Nf5 13. Bg4 Nxe3 14. fxe3
Qg5 15. Qe2 Bh6 16. Rae1 Qe7 17. Qf3 Bg7 18. Qg3 Rad8 19. Rd1 Qb4 20. Rd2 Na5
21. Rdf2 Qe7 22. Qh3 a6 23. Ne2 Rde8 24. Nf4 Nc6 25. a3 Nd8 26. Rc2 f6 27. exf6
Bxf6 28. Rfc1 Nc6 29. Bxe6+ Kg7 30. Bxd5 Qxe3+ 31. Qxe3 Rxe3 32. Ne6+ Rxe6 33.
Bxe6 Bxd4+ 34. Kh1 Be3 35. Re1 Nd4 36. Rc7+ Kh6 37. Bd5 b6 38. g3 Nb5 39. Rd7
Bd4 40. a4 Bf2 41. Rf1 Nd4 42. Kg2 1-0